[Event "Bucharest Grand Prix"]
[Site "Bucharest"]
[Date "2023.04.29"]
[Round "1"]
[White "Dhulipalla, Bala Chandra Prasad"]
[Black "Antal, Attila Laszlo"]
[Result "1-0"]
[WhiteElo "2441"]
[BlackElo "1557"]
[PlyCount "62"]
[EventDate "2023.04.29"]
[EventType "swiss (rapid)"]
[EventRounds "10"]
[EventCountry "ROU"]
[SourceTitle "CBM 213 Extra"]
[Source "ChessBase"]
[SourceDate "2023.05.31"]
[SourceVersion "1"]
[SourceVersionDate "2023.05.31"]
[SourceQuality "1"]

1. c4 c5 2. Nf3 Nc6 3. b3 Nf6 4. Bb2 e6 5. g3 Be7 6. Bg2 h6 7. 0-0 d5 8. e3 Qb6 9. cxd5 exd5 10. Nc3 c4 11. Na4 Qd8 12. Nd4 Nxd4 13. Bxd4 b5 14. Nc3 a6 15. bxc4 bxc4 16. Rb1 0-0 17. Bxf6 Bxf6 18. Nxd5 Bf5 19. e4 Bg6 20. Qa4 c3 21. dxc3 Qd6 22. Rb6 Qc5 23. Nxf6+ gxf6 24. Qd4 Qxd4 25. cxd4 Rad8 26. d5 f5 27. exf5 Bxf5 28. Rxh6 Kg7 29. Rb6 Bd3 30. Rd1 Bb5 31. Bf1 f6 1-0

[Event "Bucharest Super Rapid op"]
[Site "Bucharest"]
[Date "2022.04.30"]
[Round "1"]
[White "Dobre, Claudiu Cristian"]
[Black "Antal, Attila Laszlo"]
[Result "0-1"]
[WhiteElo "2285"]
[BlackElo "1590"]
[PlyCount "80"]
[EventDate "2022.04.30"]
[EventType "swiss (rapid)"]
[EventRounds "10"]
[EventCountry "ROU"]
[SourceTitle "CBM 208 Extra"]
[Source "ChessBase"]
[SourceDate "2022.07.31"]
[SourceVersion "1"]
[SourceVersionDate "2022.07.31"]
[SourceQuality "1"]

1. Nf3 d5 2. g3 Nf6 3. Bg2 c5 4. 0-0 g6 5. d3 Bg7 6. c3 0-0 7. Qc2 Nc6 8. e4 e5 9. Re1 h6 10. Nbd2 Be6 11. h3 Qc7 12. Nf1 Rad8 13. N1h2 c4 14. dxc4 dxc4 15. Be3 Rd3 16. Bf1 Rd7 17. Rad1 Rfd8 18. Rxd7 Qxd7 19. h4 b5 20. a4 b4 21. Nd2 b3 22. Qd1 Nxe4 23. Nhf3 Nxd2 24. Nxd2 e4 25. Qb1 Ne5 26. Qxe4 Bd5 27. Qb1 Qxa4 28. Qa1 Qd7 29. Qxa7 Qxa7 30. Bxa7 Be6 31. Ne4 Nf3+ 32. Kh1 Nxe1 33. Be2 Bd5 34. f3 Bxe4 35. fxe4 Rd2 36. Bxc4 Nf3 37. Bg1 Rxb2 38. Bd5 Rb1 39. Kg2 Rxg1+ 40. Kxf3 b2 0-1